El discurso del método de Descartes /

René Descartes no ha dejado su historia en el Discurso del Método. Una historia en la que nos presenta la evolución intelectual que inició en los años de su juventud y que en el momento de escribir, ya le permitió afirmar que sentía "una gran satisfacción" al comprobar el progreso alcanzado en la bú...

Full description

Bibliographic Details
Main Author: Quintás Alonso, Guillermo
Other Authors: Descartes, René 1596-1650
Format: Libro
Language:Spanish
Published: Madrid, España Alianza 1999
Series:Colección el libro universitario / Materiales
Subjects:
Online Access:

MARC

LEADER 00000cam a2200000 a 4500
001 002680
003 UAHC_CL
005 20170803115848.0
008 060410b1999 sp 000 spa
020 |a 8420657425 
040 |a UAHC_CL  |c UAHC_CL  |d UAHC_CL 
100 1 |a Quintás Alonso, Guillermo 
245 1 3 |a El discurso del método de Descartes /  |c Guillermo Quintás Alonso. 
260 |b Alianza  |c 1999  |a Madrid, España 
300 |a 139 p. 
490 0 |a Colección el libro universitario / Materiales 
520 |a René Descartes no ha dejado su historia en el Discurso del Método. Una historia en la que nos presenta la evolución intelectual que inició en los años de su juventud y que en el momento de escribir, ya le permitió afirmar que sentía "una gran satisfacción" al comprobar el progreso alcanzado en la búsqueda de la verddad. Las razones de su optimismos wstaban justificadas: el Discurso del método diseñaba el programa de la ciencia moderna y se convertiría en una de las obras clave de la filosofía occidental. Como los demás volúmenes de la serie, el texto introductorio de Guillermo Quintás va acompañado de un glosario, actividades, textos de apoyo y una completa bibliografía. 
521 |a Epistemología 
521 |a Subjetividad y razón en el mundo moderno 
650 4 |a FILOSOFIA FRANCESA 
650 4 |a CIENCIA  |x METODOLOGIA DE LA INVESTIGACION 
653 |a ESTUDIOS GENERALES 
653 |a PEDAGOGIA EN EDUCACION BASICA 
658 |a Bravo, Héctor 
658 |a Gutiérrez, Claudio 
700 1 |a Descartes, René  |d 1596-1650 
900 |a 194 QUI 
942 |c BK 
952 |0 0  |1 0  |4 0  |6 194_000000000000000_QUI  |7 0  |8 General  |9 6032  |a BC  |b BC  |c General  |d 2017-08-03  |l 1  |o 194 QUI  |p 1352812  |r 2026-01-07 00:00:00  |s 2018-03-20  |t 1  |w 2017-08-03  |y BK 
952 |0 0  |1 0  |4 0  |6 194_000000000000000_QUI  |7 0  |8 General  |9 6033  |a BC  |b BC  |c General  |d 2017-08-03  |l 6  |m 3  |o 194 QUI  |p 1352813  |r 2026-01-07 00:00:00  |s 2019-09-25  |t 2  |w 2017-08-03  |y BK 
952 |0 0  |1 0  |4 0  |6 194_000000000000000_QUI  |7 0  |8 General  |9 6034  |a BC  |b BC  |c General  |d 2017-08-03  |l 9  |m 6  |o 194 QUI  |p 1352814  |r 2026-01-07 00:00:00  |s 2020-01-14  |t 3  |w 2017-08-03  |y BK 
999 |c 2680  |d 2680